Disaster response : GIS for public safety
Αποθηκεύτηκε σε:
| Κύριος συγγραφέας: | |
|---|---|
| Μορφή: | Βιβλίο |
| Γλώσσα: | English |
| Δημοσίευση: |
Redlands, Calif. :
ESRI Press,
c2001
|
| Θέματα: | |
| Ετικέτες: |
Προσθήκη ετικέτας
Δεν υπάρχουν, Καταχωρήστε ετικέτα πρώτοι!
|
MARC
| LEADER | 00000nam a2200000 i 4500 | ||
|---|---|---|---|
| 001 | 1/35724 | ||
| 008 | 030513s2001 eng d | ||
| 020 | |a 1-879102-88-9 | ||
| 035 | |l 10069929 | ||
| 040 | |a GR-MY-UA |b gre |e aacr | ||
| 041 | 0 | |a eng | |
| 082 | 0 | |a 363.3480285 |2 (21) | |
| 100 | 1 | |a Amdahl, Gary |d 1956- | |
| 245 | 1 | 0 | |a Disaster response : |b GIS for public safety / |c Gary Amdahl |
| 260 | |a Redlands, Calif. : |b ESRI Press, |c c2001 | ||
| 300 | |a v, 108 σ.; |b έγχρ. εικ., έγχρ. χαρτ.; |c 19 x 23 εκ. | ||
| 650 | 0 | 0 | |a Disaster relief |x Data processing. |
| 650 | 0 | 0 | |a Emergency management |x Data processing. |
| 650 | 0 | 0 | |a Geographic information systems. |
| 852 | |a INST |b LESVOS |e 20030513 |h 363.3480285 AMD |p 005100026978 |q 005100026978 |t BK |y 0 | ||
| 901 | |a BIBL1-2003-2 | ||
| 909 | |a Λ |b 104547 | ||
| 922 | |a 1ΕΛΗ |b 200304 |c ΕΠΕΑΕΚ2/ΤΓ |d ΠΑΠΑΣΩΤΗΡΙΟΥ & ΕΛΕΥΘΕΡΟΥΔΑΚΗΣ | ||
| 950 | |a 118-2002-10-05 | ||
| 970 | |a ΚΑΡΑ |b ΓΙΑΣΕΜΗ |z 2003/07/31 | ||